000 00376nam a2200145Ia 4500
008 230917s9999||||xx |||||||||||||| ||und||
040 _e46623
_aMAIN
041 _aEnglish
082 _a822.33 S15R:S
100 _aRidler, Anne, ed.
245 0 _aShakespeare criticism 1935-1960
260 _aLondon
_bOxford University Press
_c1964
300 _axiii, 401 p.
942 _cBK
999 _c160415
_d160415